000 00512nam a22001577a 4500
005 20260429092725.0
008 260429b |||||||| |||| 00| 0 eng d
020 _a978-81-8448-436-6
050 _aRC 731 .H57 2008
100 _aHIRA, HARMANJIT SINGH.
245 _aMANUAL OF RESPIRATORY MEDICINE.
260 _aNEW DELHI,
_bJAYPEE BROTHERS MEDICAL PUBLISHERS(P) LTD,
_c2008
500 _aINCLUDES INDEX.
650 _a1. RESPIRATORY DISEASES. 2. RESPIRATORY ORGANS- DISEASES.
942 _2lcc
_cBK
999 _c217070
_d217070